Intellectual property rights /

This volume reviews the publicly available sources of statistical information on intellectual property rights, looking principally at patents, designs, royalties and inventions. The book examines the criteria against which intellectual property is measured, discussing the definitions of 'invent...

Full description

Bibliographic Details
Main Author: Bosworth, Derek L.
Corporate Authors: ScienceDirect (Online service), Royal Statistical Society (Great Britain), Economic and Social Research Council (Great Britain)
Format: eBook
Language:English
Language Notes:English.
Published: Oxford ; New York : Published for the Royal Statistical Society and Economic and Social Research Council by Pergamon Press, 1986.
Edition:1st ed.
Series:Reviews of United Kingdom statistical sources ; v. xix.
Subjects:
Online Access:Connect to the full text of this electronic book

MARC

Tag First Indicator Second Indicator Subfields
LEADER 00000cam a2200000 a 4500
001 in00005745708
005 20260326183426.8
006 m o d
007 cr un||||a|a||
008 100810s1986 enk ob 001 0 eng d
040 |a OCLCE  |b eng  |e pn  |c OCLCE  |d OCLCQ  |d OCLCF  |d OCLCO  |d OPELS  |d OCLCA  |d N$T  |d E7B  |d YDXCP  |d DEBSZ  |d OCLCQ  |d MERUC  |d OCLCQ  |d UKAHL  |d VLY  |d OCLCQ  |d OCLCO  |d OCLCQ  |d OCLCO  |d OCLCL  |d OCLCQ  |d OCLCL  |d OCLCO  |d OCLCL  |d OCLCA  |d OCLCL  |d OCLCO 
019 |a 1162088845 
020 |a 0080339026  |q (electronic bk.) 
020 |a 9780080339023  |q (electronic bk.) 
020 |a 9781483295268  |q (electronic bk.) 
020 |a 1483295265  |q (electronic bk.) 
035 |a (OCoLC)654704761  |z (OCoLC)1162088845 
043 |a e-uk--- 
050 4 |a KD1269  |b .B67 1986 
050 4 |a T10.65.G7 
072 7 |a TEC  |x 000000  |2 bisacsh 
072 7 |a LAW  |x 001000  |2 bisacsh 
082 0 4 |a 607/.2/41  |2 19 
082 0 4 |a 346.4104/8  |a 344.10648  |2 19 
049 |a TXAM 
100 1 |a Bosworth, Derek L. 
245 1 0 |a Intellectual property rights /  |c by Derek L. Bosworth. 
250 |a 1st ed. 
260 |a Oxford ;  |a New York :  |b Published for the Royal Statistical Society and Economic and Social Research Council by Pergamon Press,  |c 1986. 
300 |a 1 online resource (xiii, 288 pages) 
336 |a text  |b txt  |2 rdacontent 
337 |a computer  |b c  |2 rdamedia 
338 |a online resource  |b cr  |2 rdacarrier 
490 1 |a Reviews of United Kingdom statistical sources ;  |v v. xix 
504 |a Includes bibliographical references (pages 125-132) and index. 
588 0 |a Print version record. 
520 |a This volume reviews the publicly available sources of statistical information on intellectual property rights, looking principally at patents, designs, royalties and inventions. The book examines the criteria against which intellectual property is measured, discussing the definitions of 'inventive activity' and 'applied research'; the differences between 'inventiveness' and 'creativity'; the meaning of originality; and the distinctions between scientific originality, industrial inventiveness and business acumen. A valuable source of information for researchers and professionals in the field. 
505 0 |a Front Cover; Intellectual Property Rights; Copyright Page; FOREWORD; MEMBERSHIP OF THE JOINT STEERINGCOMMITTEE; INTRODUCTION TO VOLUME XIX; 32: INTELLECTUAL PROPERTY RIGHTS; LIST OF ABBREVIATIONS; ACKNOWLEDGEMENTS; Table of Contents; Chapter 1. Introduction; 1.1 R & D as a Production Process; 1.2 The Need for Statistics of the Output of R & D; 1.3 General Comments on the Availability of Data; 1.4 Types of Research and Outputs of the R & D Process; 1.5 Discovery and Invention: Some Dimensions of Interest; 1.6 The Scope of this Study; Chapter 2. Definition and Measurement; 2.1 Introduction 
505 8 |a 2.2 Protective Data: Definitions Applied by the Issuing Body2.3 Miscellaneous Problems Associated with Protectionist Data; 2.4 Patentable Ideas and the Theoretical Concept of an Invention; 2.5 Other Areas of Intellectual Property; Chapter 3. Patentable Information; 3.1 Introduction; 3.2 Micro Data; 3.3 Summary Patent Statistics; 3.4 European Patents and Patent Statistics; Chapter 4. Design Information; 4.1 Introduction; 4.2 Micro Information; 4.3 Summary Information; 4.4 International Design Sources; Chapter 5. Other Types of Intellectual Property Data; 5.1 Introduction 
505 8 |a 5.2 Protection of Plant Varieties5.3 Utility Models; 5.4 Inventors Certificates; 5.5 Technical Know-How; Chapter 6. Royalties Data; 6.1 Introduction; 6.2 Census of Production Data; 6.3 Overseas Royalty Transactions Data; 6.4 Miscellaneous Survey Work; 6.5 General Comments and Problems; 6.6 Comparison of Data from Principal UK Sources; Chapter 7. Conclusions and Proposals; Quick Reference List Table of Contents; Quick Reference List; Quick Reference List Key to Publications; Bibliography; List of Appendices; Appendices; Subject Index 
546 |a English. 
650 0 |a Intellectual property  |z Great Britain. 
650 0 |a Intellectual property  |z Great Britain  |x Statistical services. 
650 0 |a Research, Industrial  |z Great Britain  |x Statistical services. 
650 6 |a Propriété intellectuelle  |z Grande-Bretagne. 
650 6 |a Propriété intellectuelle  |z Grande-Bretagne  |x Services statistiques. 
650 7 |a TECHNOLOGY & ENGINEERING  |x General.  |2 bisacsh 
650 7 |a LAW  |x Administrative Law & Regulatory Practice.  |2 bisacsh 
650 7 |a Intellectual property  |2 fast 
650 7 |a Intellectual property  |x Statistical services  |2 fast 
650 7 |a Research, Industrial  |x Statistical services  |2 fast 
651 7 |a Great Britain  |2 fast  |1 https://id.oclc.org/worldcat/entity/E39PBJdmp7p3cx8hpmJ8HvmTpP 
650 7 |a Geistiges Eigentum  |2 gnd 
651 7 |a Großbritannien  |2 gnd 
655 7 |a Electronic books.  |2 local 
710 2 |a ScienceDirect (Online service) 
710 2 |a Royal Statistical Society (Great Britain)  |1 https://id.oclc.org/worldcat/entity/E39QH7Jmqy8hwxGRMY9Mwmfr3F 
710 2 |a Economic and Social Research Council (Great Britain)  |1 https://id.oclc.org/worldcat/entity/E39QH7JmmXcpTw4BkT9PDB4bM6 
776 0 8 |i Print version:  |a Bosworth, Derek L.  |t Intellectual property rights.  |b 1st ed.  |d Oxford ; New York : Published for the Royal Statistical Society and Economic and Social Research Council by Pergamon Press, 1986  |w (DLC) 86018689  |w (OCoLC)14001640 
830 0 |a Reviews of United Kingdom statistical sources ;  |v v. xix. 
856 4 0 |u http://proxy.library.tamu.edu/login?url=https://www.sciencedirect.com/science/book/9780080339023  |z Connect to the full text of this electronic book  |t 0 
955 |a Elsevier ScienceDirect 2026-2027 
994 |a 92  |b TXA 
999 f f |i 86c3661d-549a-4dc1-9d59-a28621140a78  |s 1f6dc5ab-e5f4-48fe-9248-b9d4d2fa4863  |t 0 
952 f f |a Texas A&M University  |b College Station  |c Electronic Resources  |s www_evans  |d Available Online  |t 0  |e KD1269 .B67 1986  |h Library of Congress classification 
998 f f |a KD1269 .B67 1986  |t 0  |l Available Online